Teatro completo / (Record no. 43526)

MARC details
000 -LEADER
campo de control de longitud fija 01114nam a2200193 i 4500
001 - NÚMERO DE CONTROL
campo de control 43526
003 - IDENTIFICADOR DE NÚMERO DE CONTROL
campo de control ES-MaACL
005 - FECHA Y HORA DE LA ÚLTIMA TRANSACCIÓN
campo de control 20240224062533.0
007 - CAMPO FIJO DE DESCRIPCIÓN FÍSICA--INFORMACIÓN GENERAL
campo de control de longitud fija t|
008 - DATOS DE LONGITUD FIJA--INFORMACIÓN GENERAL
campo de control de longitud fija 030318m18961897sp |||| | spa d
100 1# - ENTRADA PRINCIPAL--NOMBRE DE PERSONA
Nombre de persona Cervantes Saavedra, Miguel de,
Fechas asociadas al nombre 1547-1616
9 (RLIN) 226514
245 10 - MENCIÓN DEL TÍTULO
Título Teatro completo /
Mención de responsabilidad, etc. de Miguel de Cervantes Saavedra.
260 ## - PUBLICACIÓN, DISTRIBUCIÓN, ETC.
Lugar de publicación, distribución, etc. Madrid :
Nombre del editor, distribuidor, etc. Hernando y Cía.,
Fecha de publicación, distribución, etc. 1896-1897.
300 ## - DESCRIPCIÓN FÍSICA
Extensión 3 v. (372, 419, 376 p.) ;
Dimensiones 18 cm.
505 8# - NOTA DE CONTENIDO CON FORMATO
Nota de contenido con formato Contiene: t. 1. El trato de Argel ; La Numancia ; El gallardo español ; La casa de los celos - t. 2. Los baños de Argel ; Pedro de Urdemalas ; El rufián dichoso ; La gran sultana - t. 3. El laberinto de amor ; La entretenida ; Los dos habladores ; La elección de los alcaldes ; La cárcel de Sevilla ; El juez de los divorcios ; El retablo de las maravillas ; El hospital de los podridos ; La cueva de Salamanca ; El rufián viudo ; El vizcaíno fingido ; La guarda cuidadosa ; El viejo celoso
852 ## - LOCALIZACIÓN
Ubicación ES-MaACL
Número de control de estantería F-13048-50
856 ## - LOCALIZACIÓN Y ACCESO ELECTRÓNICOS
Identificador Uniforme de Recursos <a href="http://bdh-rd.bne.es/viewer.vm?id=0000177621&page=1 ">http://bdh-rd.bne.es/viewer.vm?id=0000177621&page=1 </a>
Nota pública Biblioteca Digital Hispánica
Holdings
Estatus retirado Estado de pérdida Estado de daño No para préstamo Colección Biblioteca de origen Biblioteca actual Ubicación en estantería Fecha de adquisición Fuente de adquisición Total de préstamos Signatura topográfica completa Código de barras Visto por última vez Precio de reemplazo Tipo de ítem Koha
        Colección digital Biblioteca del Ateneo de Madrid Biblioteca del Ateneo de Madrid Sala Pecera Planta 2 17/01/2008     F-13048-50 1045821 23/02/2023 23/02/2023 Libro impreso antiguo